000
00225nam a22000857a 4500
008
160720b xxu||||| |||| 00| 0 eng d
100
_9
3075
_a
Rastogi J.P
245
_a
APC English Core-XI
260
_a
New Delhi
_b
APC Publication
_c
2009
999
_c
2638
_d
2638